00608cam a22001934a 450000500170000000800410001701000130005802000260007103500130009703700160011004000120012608200060013810000180014424501020016226000420026427000500030630000270035670000310038320181129180620.0030804s2004 nyu | 00| f eng  aB-713011 a9788172235635c350.00 aB-713011 bPansy Books adplbEN aN aCoelho, Paulo aEleven minutes :ba novel /cPaulo Coelho; translated from the Portuguese by Margaret Jull Costa. aNoidabHarperCollins Publishersc2018 aA-75, Sec. 57, bNoida, Uttar Pradeshe201301 aXI,275 p.c22 cm.(pbk) aCosta, Margaret Jull, Tr.